[Event "CYCC U12"]
[Site "Calgary CAN"]
[Date "2023.07.20"]
[Round "3.114"]
[White "Wu, Ryan"]
[Black "Moses, Neil"]
[Result "0-1"]
[WhiteElo "1576"]
[BlackElo "1985"]
[PlyCount "98"]
[EventDate "2023.07.19"]
[EventType "swiss"]
[EventRounds "7"]
[EventCountry "CAN"]

1. Nf3 Nf6 2. d4 e6 3. c4 b6 4. g3 Bb7 5. Bg2 Bb4+ 6. Bd2 Be7 7. Nc3 c5 8. O-O
O-O 9. Be3 d5 10. Ne5 Nbd7 11. h3 Qc8 12. Nxd7 Qxd7 13. b3 Rfd8 14. cxd5 exd5
15. Rc1 Rac8 16. Qd2 c4 17. Qb2 Bd6 18. Bg5 Qe7 19. Bxf6 gxf6 20. Qd2 Bb4 21.
Rc2 Rc7 22. e3 Rdc8 23. Rb1 a5 24. a4 Kg7 25. Kh2 cxb3 26. Rxb3 Bxc3 27. Rcxc3
Rxc3 28. Rxc3 Qb4 29. Rc2 Rxc2 30. Qxc2 b5 31. axb5 Qxb5 32. Qd1 a4 33. Bf1 Qc6
34. Bd3 Bc8 35. Bc2 a3 36. Qb1 Qc4 37. Bb3 Qb4 38. Qa2 Be6 39. h4 Qe1 40. Kg2
Qc1 41. Kh2 Qf1 42. h5 h6 43. Qc2 Qh3+ 44. Kg1 Qxh5 45. Kf1 Qh1+ 46. Ke2 Bg4+
47. Kd2 Qf1 48. Kc3 Be2 49. f4 Bc4 0-1

[Event "CYCC U12"]
[Site "Calgary CAN"]
[Date "2023.07.20"]
[Round "3.115"]
[White "Deshpande, Sarthak"]
[Black "Ha, Hoc Quan"]
[Result "1-0"]
[WhiteElo "1719"]
[BlackElo "1510"]
[PlyCount "75"]
[EventDate "2023.07.19"]
[EventType "swiss"]
[EventRounds "7"]
[EventCountry "CAN"]

1. d4 d5 2. c4 c6 3. Nf3 Nf6 4. Qc2 Bg4 5. Nbd2 e6 6. g3 Bf5 7. Qa4 Nbd7 8. Bg2
Be7 9. O-O O-O 10. Nh4 Bg6 11. Nxg6 hxg6 12. Qc2 Rc8 13. e4 dxe4 14. Nxe4 Nxe4
15. Bxe4 Nf6 16. Rd1 Nxe4 17. Qxe4 Qc7 18. Be3 Rcd8 19. Rac1 c5 20. d5 e5 21.
f4 exf4 22. Bxf4 Bd6 23. Bxd6 Qxd6 24. Re1 Rd7 25. Qe5 Qxe5 26. Rxe5 b6 27.
Rce1 Rfd8 28. a3 a5 29. Re8+ Rxe8 30. Rxe8+ Kh7 31. Kf2 g5 32. Ke3 Kg6 33. Ke4
Kf6 34. Rc8 Rd6 35. g4 g6 36. b3 Ke7 37. Rc7+ Kf6 38. Rb7 1-0

[Event "CYCC U12"]
[Site "Calgary CAN"]
[Date "2023.07.20"]
[Round "3.116"]
[White "Lu, Aiden"]
[Black "Mok, Erwin"]
[Result "1/2-1/2"]
[WhiteElo "1561"]
[BlackElo "1694"]
[PlyCount "119"]
[EventDate "2023.07.19"]
[EventType "swiss"]
[EventRounds "7"]
[EventCountry "CAN"]

1. e4 e6 2. d4 d5 3. Nd2 c5 4. Ngf3 cxd4 5. Nxd4 Nc6 6. N4f3 Nf6 7. exd5 Nxd5
8. c3 Be7 9. Be2 O-O 10. O-O e5 11. Re1 Be6 12. Qc2 f5 13. Bb5 e4 14. Bxc6 bxc6
15. Nd4 Bd7 16. Nc4 c5 17. Ne2 Qc7 18. Rd1 Be6 19. Ne3 Nf6 20. Nf1 Nh5 21. Nfg3
Nxg3 22. hxg3 g5 23. c4 Bf6 24. Rb1 Rad8 25. Bd2 Qb7 26. b3 Rd3 27. Be3 Rxd1+
28. Rxd1 Qe7 29. Qd2 Rd8 30. Qxd8+ Qxd8 31. Rxd8+ Bxd8 32. Bxc5 a6 33. f3 exf3
34. gxf3 h5 35. Kf2 Bf6 36. Bd4 Be7 37. Be3 Bf6 38. Nd4 Bxd4 39. Bxd4 Kf7 40.
Ke3 Bd7 41. a4 Ke6 42. f4 g4 43. a5 Bc6 44. b4 Ba4 45. Be5 Kd7 46. Kd4 Kc6 47.
Bf6 Bc2 48. Ke5 Bb1 49. Bg5 Bc2 50. Kf6 Bb1 51. Kg6 Bc2 52. Kxh5 Bb1 53. Kg6
Bc2 54. Kf6 Bb1 55. Ke5 Bd3 56. Ke6 Bb1 57. Bd8 Bc2 58. b5+ axb5 59. cxb5+ Kxb5
60. Kd6 1/2-1/2

[Event "CYCC U12"]
[Site "Calgary CAN"]
[Date "2023.07.20"]
[Round "3.117"]
[White "Lee, Daniel"]
[Black "Jiang, William"]
[Result "1-0"]
[WhiteElo "1166"]
[BlackElo "1680"]
[PlyCount "143"]
[EventDate "2023.07.19"]
[EventType "swiss"]
[EventRounds "7"]
[EventCountry "CAN"]

1. e4 c5 2. Nf3 Nc6 3. d4 cxd4 4. Nxd4 Nf6 5. Nc3 e5 6. Ndb5 d6 7. Nd5 Nxd5 8.
exd5 Nb8 9. Be3 Be7 10. Bd3 O-O 11. Qh5 g6 12. Qe2 Bf6 13. O-O-O a6 14. Nc3 b5
15. g3 Bg7 16. g4 Bb7 17. h4 b4 18. Ne4 Bxd5 19. h5 f5 20. Bc4 Bf7 21. hxg6
hxg6 22. Nxd6 Qf6 23. Nxf7 Rxf7 24. Bxf7+ Kxf7 25. Qc4+ Qe6 26. Qc7+ Qe7 27.
Qxe7+ Kxe7 28. gxf5 gxf5 29. Bg5+ Ke6 30. Rd8 Kf7 31. Rhd1 Kg6 32. Rg8 Ra7 33.
Be3 Rb7 34. Rgd8 f4 35. Ba7 Rxa7 36. Rxb8 a5 37. Rbd8 e4 38. R1d7 Rxd7 39. Rxd7
Be5 40. b3 Kf5 41. Kd1 f3 42. Ke1 Ke6 43. Ra7 Kd5 44. Rxa5+ Kd4 45. Kd1 Bd6 46.
Ra8 Bc5 47. Rc8 Kd5 48. Rd8+ Ke5 49. Ke1 Bd4 50. Rc8 Kd5 51. Rc4 Bc3+ 52. Rxc3
bxc3 53. a4 Kc5 54. a5 Kb5 55. b4 Ka6 56. Kf1 Kb5 57. Kg1 Ka6 58. Kh2 Kb5 59.
Kg3 Kxb4 60. a6 Ka3 61. a7 Kb2 62. a8=Q Kxc2 63. Qxe4+ Kb2 64. Qb4+ Kc2 65.
Kxf3 Kd1 66. Qd4+ Kc2 67. Ke2 Kb3 68. Kd3 Ka2 69. Qxc3 Kb1 70. Qd2 Ka1 71. Kc3
Kb1 72. Qb2# 1-0

[Event "CYCC U12"]
[Site "Calgary CAN"]
[Date "2023.07.20"]
[Round "3.118"]
[White "Naiboglu, Onur"]
[Black "Zhao, Jifan"]
[Result "1/2-1/2"]
[WhiteElo "1356"]
[BlackElo "2113"]
[PlyCount "77"]
[EventDate "2023.07.19"]
[EventType "swiss"]
[EventRounds "7"]
[EventCountry "CAN"]

1. e4 e6 2. d4 d5 3. Nc3 Nf6 4. Bg5 dxe4 5. Nxe4 Nbd7 6. c3 h6 7. Nxf6+ Nxf6 8.
Bh4 Be7 9. Nf3 O-O 10. Bd3 b6 11. Bxf6 Bxf6 12. Be4 Rb8 13. O-O Bb7 14. Nd2 Bd5
15. Bxd5 Qxd5 16. Qf3 Qxf3 17. Nxf3 c5 18. Rad1 Rfd8 19. Ne5 Rd5 20. Rfe1 Rbd8
21. Nc6 Rc8 22. Nxa7 Ra8 23. Nc6 Rd6 24. Ne5 cxd4 25. cxd4 Rxa2 26. f4 Rd5 27.
Re2 Bxe5 28. fxe5 Ra4 29. Red2 Rb4 30. Kf2 Rb3 31. Rc1 Kh7 32. Rc3 Rb4 33. Ke3
Rdb5 34. Rcc2 Rb3+ 35. Ke4 R5b4 36. Rf2 Kg6 37. Rc3 Rxb2 38. Rg3+ Kh5 39. Rh3+
1/2-1/2

[Event "CYCC U12"]
[Site "Calgary CAN"]
[Date "2023.07.20"]
[Round "3.119"]
[White "Gao, Justin"]
[Black "Gautam, Arnav"]
[Result "1-0"]
[WhiteElo "1853"]
[BlackElo "1217"]
[PlyCount "92"]
[EventDate "2023.07.19"]
[EventType "swiss"]
[EventRounds "7"]
[EventCountry "CAN"]

1. e4 e6 2. d4 d5 3. exd5 exd5 4. Bd3 Nc6 5. c3 Nf6 6. h3 h6 7. Nf3 Bd6 8. O-O
O-O 9. Be3 Re8 10. Qc2 Be6 11. Nbd2 Qd7 12. Rfe1 Rad8 13. b4 Ne7 14. Ne5 Qc8
15. Ndf3 Nd7 16. Bf4 Nf8 17. Bf1 f6 18. Nd3 Bf5 19. Bxd6 cxd6 20. Qb3 Nfg6 21.
b5 Bxd3 22. Bxd3 Nf4 23. Bf1 b6 24. Re3 Qb7 25. Rae1 Kf8 26. g3 Nfg6 27. Bd3 f5
28. Qc2 Qd7 29. Re6 Nh8 30. Bxf5 Qxb5 31. a4 Qc6 32. Bd3 Rc8 33. Bb5 Qc7 34.
Bxe8 Rxe8 35. Qh7 Nhg6 36. Rxg6 Nxg6 37. Rxe8+ Kxe8 38. Qxg6+ Qf7 39. Qxf7+
Kxf7 40. Kf1 Ke7 41. Nh4 g5 42. Nf5+ Kd7 43. Ke2 h5 44. f4 gxf4 45. gxf4 Ke6
46. Ne3 Kf6 1-0

[Event "CYCC U12"]
[Site "Calgary CAN"]
[Date "2023.07.20"]
[Round "3.121"]
[White "Buitelaar, Jake"]
[Black "Lin, Austin"]
[Result "1-0"]
[WhiteElo "910"]
[BlackElo "1566"]
[PlyCount "149"]
[EventDate "2023.07.19"]
[EventType "swiss"]
[EventRounds "7"]
[EventCountry "CAN"]

1. e4 c6 2. Nc3 d5 3. exd5 cxd5 4. d4 Nf6 5. Nf3 Bg4 6. h3 Bh5 7. Bf4 e6 8. Nb5
Bb4+ 9. c3 Ba5 10. Nd6+ Kf8 11. Nxb7 Qb6 12. Bd6+ Kg8 13. b4 Bxb4 14. Bxb4 Qxb7
15. Rb1 Nbd7 16. Ba5 Qc8 17. Qb3 Rb8 18. Qd1 Rxb1 19. Qxb1 Bg6 20. Qb3 h6 21.
Bb5 Kh7 22. h4 Re8 23. Ne5 Nxe5 24. dxe5 Nd7 25. Qa4 Nc5 26. Qd1 Re7 27. Bb4
Rb7 28. Qe2 Ne4 29. h5 Bf5 30. Ba6 Rxb4 31. cxb4 Qc1+ 32. Qd1 Qxd1+ 33. Kxd1
Nxf2+ 34. Ke2 Nxh1 35. a4 Ng3+ 36. Kd2 Ne4+ 37. Ke3 Nc3 38. a5 Na4 39. Bb5 Nb2
40. Kd4 Be4 41. Ba6 Kg8 42. Bf1 Kf8 43. b5 Nc4 44. Bxc4 dxc4 45. Kxe4 Ke8 46.
Kd4 Kd7 47. Kxc4 Kc7 48. Kc5 f6 49. b6+ axb6+ 50. axb6+ Kd7 51. b7 Kc7 52.
b8=Q+ Kxb8 53. Kd6 fxe5 54. Kxe5 Kc7 55. Kxe6 g6 56. hxg6 h5 57. g7 h4 58. g8=Q
h3 59. Qf7+ Kc6 60. Qd7+ Kc5 61. gxh3 Kc4 62. Qd5+ Kc3 63. h4 Kc2 64. h5 Kc3
65. Qe5+ Kd3 66. h6 Kc4 67. h7 Kd3 68. h8=Q Kc4 69. Qc8+ Kd3 70. Qd7+ Kc4 71.
Qec7+ Kb4 72. Qb8+ Kc5 73. Qbc8+ Kb4 74. Qdb7+ Ka3 75. Qca8# 1-0

[Event "CYCC U12"]
[Site "Calgary CAN"]
[Date "2023.07.20"]
[Round "3.122"]
[White "Zhan, Jayden"]
[Black "Kumbharathi, Harsha"]
[Result "1-0"]
[WhiteElo "1431"]
[BlackElo "1547"]
[PlyCount "69"]
[EventDate "2023.07.19"]
[EventType "swiss"]
[EventRounds "7"]
[EventCountry "CAN"]

1. e4 c6 2. d3 d5 3. Nd2 e5 4. Ngf3 Bg4 5. g3 Nd7 6. Bg2 Bc5 7. O-O Ngf6 8. h3
Bh5 9. Qe1 d4 10. Nh4 Bg6 11. Nf5 O-O 12. g4 Ne8 13. Nc4 f6 14. b4 Bb6 15. f4
Bc7 16. Kh1 b5 17. Na5 Bxa5 18. bxa5 a6 19. h4 h6 20. Bd2 c5 21. Qg3 Bxf5 22.
exf5 Rb8 23. g5 Kh7 24. Rg1 Qe7 25. Rae1 Nd6 26. fxe5 fxe5 27. gxh6 Nxf5 28.
Be4 Kh8 29. Bxf5 Rxf5 30. hxg7+ Kg8 31. Qg4 Rf7 32. Qh5 Rxg7 33. Rxg7+ Qxg7 34.
Rg1 Qxg1+ 35. Kxg1 1-0

[Event "CYCC U12"]
[Site "Calgary CAN"]
[Date "2023.07.20"]
[Round "3.123"]
[White "Xue, Zachary"]
[Black "Villamar, Eros"]
[Result "1-0"]
[WhiteElo "1522"]
[BlackElo "1052"]
[PlyCount "101"]
[EventDate "2023.07.19"]
[EventType "swiss"]
[EventRounds "7"]
[EventCountry "CAN"]

1. e4 e6 2. d4 d5 3. exd5 exd5 4. Nf3 Nf6 5. Bg5 Be7 6. c4 Be6 7. Qa4+ c6 8.
Nc3 O-O 9. Bd3 Nbd7 10. c5 h6 11. Bh4 Re8 12. O-O Qc8 13. Rfe1 Nh5 14. Qc2 Bxh4
15. Nxh4 Ndf6 16. Qd2 Qc7 17. Nf3 Nf4 18. Re5 Nxd3 19. Qxd3 Bg4 20. Rae1 Bxf3
21. Qxf3 Rxe5 22. Rxe5 b6 23. b4 bxc5 24. bxc5 Rb8 25. Re2 Rb4 26. Qd3 Qf4 27.
g3 Qc1+ 28. Kg2 Qg5 29. Re7 Rb8 30. Rxa7 Nh5 31. Ne2 Qg4 32. Qf3 Qg6 33. Nf4
Nxf4+ 34. Qxf4 Re8 35. a4 Re4 36. Ra8+ Kh7 37. Qd2 h5 38. Qd3 h4 39. f3 h3+ 40.
Kf2 Qf5 41. a5 g6 42. a6 Qf6 43. a7 Re7 44. Qd2 Rb7 45. Qf4 Rb2+ 46. Ke3 Qe7+
47. Qe5 Rb3+ 48. Kd2 Rb2+ 49. Kc3 Rb3+ 50. Kxb3 Qb7+ 51. Kc3 1-0

[Event "CYCC U12"]
[Site "Calgary CAN"]
[Date "2023.07.20"]
[Round "3.124"]
[White "Li, Morgan"]
[Black "Yin, Zeming"]
[Result "0-1"]
[WhiteElo "996"]
[BlackElo "1748"]
[PlyCount "142"]
[EventDate "2023.07.19"]
[EventType "swiss"]
[EventRounds "7"]
[EventCountry "CAN"]

1. e4 c6 2. d4 d5 3. exd5 cxd5 4. Nf3 Nc6 5. Nc3 Bg4 6. Be2 g6 7. h3 Bf5 8. Bb5
a6 9. Ba4 b5 10. Bb3 Nf6 11. Bg5 Be6 12. O-O Bg7 13. Bxf6 Bxf6 14. Ne2 Qd6 15.
c3 Na5 16. Bc2 O-O 17. Ng3 b4 18. Rb1 bxc3 19. bxc3 Rfc8 20. Qd2 Qa3 21. Bb3
Nc4 22. Qc1 Qa5 23. Ne2 Bf5 24. Ra1 Bd3 25. Re1 Bxe2 26. Rxe2 Nd6 27. Rc2 e6
28. a4 Ne4 29. c4 Rab8 30. cxd5 Rxc2 31. Qxc2 exd5 32. Ra3 Qb4 33. Qa2 Nc3 34.
Qa1 Be7 35. Ra2 Qxb3 36. Nd2 Qxa2 37. Qxc3 Bd6 38. g3 Qxa4 39. Kg2 Re8 40. Qc1
Qxd4 41. Nf3 Qe4 42. Qc3 d4 43. Qxd4 Qxd4 44. Nxd4 a5 45. Nb5 Bc5 46. Nc3 a4
47. Nxa4 Ba7 48. Nc3 f5 49. Nd5 Re2 50. g4 Rxf2+ 51. Kg3 fxg4 52. hxg4 Rd2 53.
Nf6+ Kg7 54. Ne4 Rd3+ 55. Kf4 Bb8+ 56. Kg5 Rh3 57. Nd6 h6+ 58. Kf4 Bxd6+ 59.
Ke4 Rg3 60. Kd5 Rxg4 61. Kxd6 h5 62. Kc5 h4 63. Kd5 h3 64. Kc5 h2 65. Kb5 h1=Q
66. Kc5 Qe4 67. Kd6 Rg5 68. Kc7 Rd5 69. Kb6 Qc4 70. Ka7 Rb5 71. Ka8 Qa4# 0-1

[Event "CYCC U12"]
[Site "Calgary CAN"]
[Date "2023.07.20"]
[Round "3.125"]
[White "Chen, Zhengyu"]
[Black "Liu, Eric"]
[Result "1-0"]
[WhiteElo "1670"]
[BlackElo "962"]
[PlyCount "41"]
[EventDate "2023.07.19"]
[EventType "swiss"]
[EventRounds "7"]
[EventCountry "CAN"]

1. Nf3 d5 2. c4 Nf6 3. cxd5 Nxd5 4. g3 Nc6 5. Bg2 Bg4 6. Qb3 Rb8 7. O-O e6 8.
Nc3 Be7 9. Qa4 Bh5 10. Nxd5 Qxd5 11. Nd4 Qc5 12. Nxc6 bxc6 13. Qxc6+ Qxc6 14.
Bxc6+ Kd8 15. e3 Be2 16. Re1 Bd3 17. Bf3 Bf6 18. Be2 Bg6 19. d4 Ke7 20. b3 c5
21. Ba3 1-0

[Event "CYCC U12"]
[Site "Calgary CAN"]
[Date "2023.07.20"]
[Round "3.126"]
[White "Patil, Tanishq"]
[Black "Mu, Vincent"]
[Result "0-1"]
[WhiteElo "1543"]
[BlackElo "932"]
[PlyCount "87"]
[EventDate "2023.07.19"]
[EventType "swiss"]
[EventRounds "7"]
[EventCountry "CAN"]

1. d4 d5 2. Bf4 Bf5 3. e3 Nf6 4. Nf3 e6 5. Bd3 Bg6 6. c3 Be7 7. Qc2 Nbd7 8.
Nbd2 Nb6 9. O-O O-O 10. Bxg6 fxg6 11. Bg3 Nh5 12. e4 Nf6 13. Rfe1 c6 14. Re2
Re8 15. Rae1 Nh5 16. a3 a5 17. Nf1 Nc4 18. N1d2 Nb6 19. exd5 exd5 20. Bh4 Nf6
21. Re6 Nc8 22. Bxf6 gxf6 23. Nf1 Qd7 24. Nh4 Kg7 25. Qe2 Kf7 26. Nf5 Kf8 27.
Nh6 Nd6 28. Re3 f5 29. f4 Ne4 30. g4 Kg7 31. g5 a4 32. Ng3 b5 33. Nxe4 dxe4 34.
Rd3 Bxg5 35. Nxf5+ Qxf5 36. Rg3 Bh4 37. Rf1 Bxg3 38. hxg3 h5 39. c4 Rab8 40.
cxb5 cxb5 41. Qd2 Qg4 42. Qe3 Rbc8 43. Qd2 Qxg3+ 44. Kh1 0-1

[Event "CYCC U12"]
[Site "Calgary CAN"]
[Date "2023.07.20"]
[Round "3.127"]
[White "Singh, Jovan"]
[Black "Wen, Justin"]
[Result "0-1"]
[WhiteElo "896"]
[BlackElo "1483"]
[PlyCount "84"]
[EventDate "2023.07.19"]
[EventType "swiss"]
[EventRounds "7"]
[EventCountry "CAN"]

1. d4 Nf6 2. c4 c5 3. e3 e6 4. Nf3 cxd4 5. exd4 Bb4+ 6. Bd2 Bxd2+ 7. Qxd2 O-O
8. Bd3 d5 9. O-O b6 10. cxd5 Qxd5 11. Nc3 Qh5 12. Ne4 Bb7 13. Nxf6+ gxf6 14.
Qe2 Kh8 15. Be4 Nc6 16. Qc2 Rac8 17. Rac1 Nxd4 18. Qd3 Bxe4 19. Qxe4 Nxf3+ 20.
Qxf3 Qxf3 21. gxf3 Rfd8 22. Rxc8 Rxc8 23. Rd1 Rc2 24. Rd7 Rxb2 25. Rxa7 Kg7 26.
Kg2 e5 27. Kg3 f5 28. f4 exf4+ 29. Kf3 b5 30. a4 b4 31. a5 b3 32. a6 Ra2 33.
Rb7 b2 34. a7 Rxa7 35. Rxb2 Ra4 36. Rb5 Kf6 37. Rb6+ Kg5 38. Rb2 Ra3+ 39. Kg2
f3+ 40. Kg3 f4+ 41. Kh3 Ra6 42. Rb5+ f5 0-1

[Event "CYCC U12"]
[Site "Calgary CAN"]
[Date "2023.04.20"]
[Round "4.129"]
[White "Lin, Austin"]
[Black "Zhang, Ryan"]
[Result "1-0"]
[WhiteElo "1566"]
[BlackElo "948"]
[PlyCount "51"]
[EventDate "2023.07.19"]
[EventType "swiss"]
[EventRounds "7"]
[EventCountry "CAN"]

1. e4 e5 2. Nf3 Nc6 3. Bc4 Bc5 4. b4 Bxb4 5. c3 Ba5 6. d4 exd4 7. O-O dxc3 8.
Qb3 Qf6 9. e5 Qg6 10. Nxc3 Bxc3 11. Qxc3 Nge7 12. Ba3 O-O 13. Rad1 Kh8 14. Bb5
Re8 15. Bb2 a6 16. Bd3 Qh6 17. Rfe1 Rg8 18. Re4 Ng6 19. Rg4 Qh5 20. Rg5 Qh6 21.
Bc1 Nh4 22. Rg3 Nxf3+ 23. Rxf3 Qe6 24. Bb2 Qe7 25. Rh3 h6 26. Qc1 1-0

[Event "CYCC U12"]
[Site "Calgary CAN"]
[Date "2023.07.20"]
[Round "4.130"]
[White "Kumbharathi, Harsha"]
[Black "Ganeshanathan, Sayan"]
[Result "1-0"]
[WhiteElo "1547"]
[BlackElo "848"]
[PlyCount "67"]
[EventDate "2023.07.19"]
[EventType "swiss"]
[EventRounds "7"]
[EventCountry "CAN"]

1. e4 e5 2. Nc3 Nc6 3. Bc4 Bc5 4. Qg4 Bf8 5. Nf3 d5 6. Qg3 dxc4 7. Nxe5 Nxe5 8.
Qxe5+ Qe7 9. Qg3 Nf6 10. d3 cxd3 11. cxd3 g6 12. Bg5 Bg7 13. Nd5 Qd7 14. Bxf6
O-O 15. O-O c6 16. Nc7 Rb8 17. Bxg7 Kxg7 18. Ne6+ Qxe6 19. Qxb8 a6 20. Qg3 Qf6
21. Rab1 Be6 22. e5 Qf5 23. b3 Rd8 24. Rfd1 f6 25. exf6+ Qxf6 26. Rd2 Rd7 27.
Qe3 Re7 28. Re2 Kf7 29. Rbe1 b5 30. Qf3 Qxf3 31. gxf3 Re8 32. Kg2 Bd7 33. Kg3
Ra8 34. Re7+ 1-0

[Event "CYCC U12"]
[Site "Calgary CAN"]
[Date "2023.07.20"]
[Round "4.131"]
[White "Gautam, Arnav"]
[Black "Ivkin, Michael"]
[Result "1-0"]
[WhiteElo "1217"]
[BlackElo "804"]
[PlyCount "39"]
[EventDate "2023.07.19"]
[EventType "swiss"]
[EventRounds "7"]
[EventCountry "CAN"]

1. d4 e5 2. dxe5 Nc6 3. Nf3 Qe7 4. Bf4 Qb4+ 5. Bd2 Qxb2 6. Nc3 Bb4 7. Rb1 Qa3
8. Rb3 Qa5 9. Qa1 Nh6 10. a3 O-O 11. Qc1 Bxc3 12. Bxc3 Qd5 13. e3 a6 14. Bd3
Ng4 15. Qd1 Qe6 16. Bxh7+ Kh8 17. Ng5 Qh6 18. Qxg4 f6 19. exf6 gxf6 20. Nf7+
1-0

[Event "CYCC U12"]
[Site "Calgary CAN"]
[Date "2023.07.20"]
[Round "4.132"]
[White "Zhang, Nathan"]
[Black "Huang, David"]
[Result "0-1"]
[WhiteElo "894"]
[BlackElo "1138"]
[PlyCount "40"]
[EventDate "2023.07.19"]
[EventType "swiss"]
[EventRounds "7"]
[EventCountry "CAN"]

1. e4 e5 2. Nf3 Nc6 3. Bc4 Bc5 4. c3 Nf6 5. d4 exd4 6. e5 d5 7. exd6 Qxd6 8.
O-O O-O 9. b4 Bb6 10. Bb2 Bg4 11. cxd4 Bxf3 12. gxf3 Nxd4 13. Kh1 Qxb4 14. Bxd4
Qxc4 15. Bxf6 gxf6 16. Nd2 Qd5 17. Qc1 Kh8 18. Ne4 Rad8 19. Nxf6 Qxf3+ 20. Kg1
Rg8+ 0-1

[Event "CYCC U12"]
[Site "Calgary CAN"]
[Date "2023.07.20"]
[Round "4.135"]
[White "Chen, Harry"]
[Black "Wang, Patrick"]
[Result "0-1"]
[WhiteElo "817"]
[BlackElo "960"]
[PlyCount "71"]
[EventDate "2023.07.19"]
[EventType "swiss"]
[EventRounds "7"]
[EventCountry "CAN"]

1. e4 e5 2. Nf3 Nc6 3. Bc4 Be7 4. d3 Nf6 5. Nc3 d6 6. O-O Bg4 7. h3 Bh5 8. g4
Bg6 9. b3 Qd7 10. a4 O-O-O 11. Ba3 h5 12. g5 Nh7 13. h4 Qg4+ 14. Kh2 Qf4+ 15.
Kh1 f6 16. Rg1 fxg5 17. Bc1 Qf8 18. Bxg5 Nxg5 19. Nxg5 Bxg5 20. Rxg5 Bf7 21.
Rf5 Rd7 22. Be6 Bxe6 23. Rxf8+ Rxf8 24. Qg1 Bg4 25. Nd5 Nd4 26. Ne3 Bf3+ 27.
Kh2 Bxe4 28. Qd1 Bf3 29. Qd2 Bg4 30. Kg2 Bf3+ 31. Kf1 Rdf7 32. Nd1 Be2+ 33. Kg2
Rf4 34. Qe3 Rg4+ 35. Kh1 Bf3+ 36. Kh2 0-1

[Event "CYCC U12"]
[Site "Calgary CAN"]
[Date "2023.07.20"]
[Round "4.136"]
[White "Zhuang, George"]
[Black "Chan, Bryan"]
[Result "0-1"]
[WhiteElo "723"]
[BlackElo "1304"]
[PlyCount "116"]
[EventDate "2023.07.19"]
[EventType "swiss"]
[EventRounds "7"]
[EventCountry "CAN"]

1. e4 e5 2. Nf3 Nc6 3. Bb5 Nf6 4. Nc3 Bc5 5. d3 h6 6. h3 O-O 7. a3 a6 8. Ba4 d6
9. O-O Nd4 10. Be3 b5 11. Bxd4 exd4 12. Bb3 dxc3 13. bxc3 Be6 14. Re1 Re8 15.
d4 Bxb3 16. cxb3 Bb6 17. e5 Nh7 18. c4 dxe5 19. Nxe5 Qxd4 20. Qxd4 Bxd4 21. Ra2
Rxe5 22. Rxe5 Bxe5 23. cxb5 Rd8 24. g3 axb5 25. Re2 Bf6 26. a4 bxa4 27. bxa4
Ng5 28. Kg2 Ra8 29. f4 Ne6 30. f5 Nd4 31. Rf2 Rxa4 32. Rf4 Ra2+ 33. Kf1 c5 34.
Re4 Nf3 35. Re8+ Kh7 36. Rc8 Rc2 37. h4 c4 38. h5 c3 39. g4 Nh2+ 40. Ke1 Ra2
41. g5 Bxg5 42. Rxc3 Bd2+ 43. Kf2 Bxc3+ 44. Ke3 g5 45. hxg6+ fxg6 46. f6 Bxf6
47. Ke4 Rf2 48. Ke3 Rf3+ 49. Ke4 g5 50. Kd5 g4 51. Ke4 g3 52. Kd5 g2 53. Ke4
g1=Q 54. Kd5 Qd4+ 55. Ke6 Qe5+ 56. Kd7 Rd3+ 57. Kc6 Rc3+ 58. Kd7 Rc7# 0-1

[Event "CYCC U12"]
[Site "Calgary CAN"]
[Date "2023.07.20"]
[Round "4.137"]
[White "Curran, Dylan"]
[Black "Patil, Tanishq"]
[Result "1/2-1/2"]
[WhiteElo "865"]
[BlackElo "1543"]
[PlyCount "84"]
[EventDate "2023.07.19"]
[EventType "swiss"]
[EventRounds "7"]
[EventCountry "CAN"]

1. e4 c5 2. Nf3 d6 3. d4 cxd4 4. Nxd4 Nf6 5. Nc3 a6 6. Bc4 e6 7. a3 Be7 8. Be3
b5 9. Ba2 Bb7 10. f3 O-O 11. O-O Nbd7 12. Re1 Ne5 13. Bf2 Nc6 14. f4 Qc7 15. f5
Nxd4 16. Bxd4 e5 17. Bf2 Rfd8 18. Bh4 Bc6 19. Bxf6 Bxf6 20. Nd5 Bxd5 21. Qxd5
Rac8 22. Re3 Qa7 23. Rae1 Rxc2 24. Kh1 Rd7 25. R3e2 Rxe2 26. Rxe2 Qc7 27. Re1
Qc2 28. Rb1 Qc8 29. Qd2 h6 30. Rc1 Qb7 31. Bd5 Qa7 32. Qe2 Bg5 33. Rc8+ Kh7 34.
Qg4 Rc7 35. Rxc7 Qxc7 36. h4 Qc1+ 37. Kh2 Bf4+ 38. g3 Be3 39. Qf3 Qxb2+ 40. Kh3
Qf2 41. Qxf2 Bxf2 42. Bxf7 Bc5 1/2-1/2

[Event "CYCC U12"]
[Site "Calgary CAN"]
[Date "2023.07.20"]
[Round "4.138"]
[White "Sun, Kaiqi"]
[Black "Schantz, Korbin"]
[Result "0-1"]
[WhiteElo "856"]
[BlackElo "1116"]
[PlyCount "66"]
[EventDate "2023.07.19"]
[EventType "swiss"]
[EventRounds "7"]
[EventCountry "CAN"]

1. e4 e6 2. Nc3 d5 3. exd5 exd5 4. d4 Nf6 5. Nf3 Bg4 6. h3 Bh5 7. Be2 h6 8. Ne5
Bxe2 9. Qxe2 Be7 10. Bf4 c6 11. b4 Qb6 12. Ng4 Kd8 13. Nxf6 Bxf6 14. O-O Qxd4
15. Bg3 Qxc3 16. Rad1 Re8 17. Qg4 Nd7 18. f3 Qe3+ 19. Kh1 Qg5 20. Qxg5 hxg5 21.
Rde1 Be5 22. Bf2 Kc7 23. Re2 Bd6 24. Rd2 Bxb4 25. Bg3+ Bd6 26. Bf2 Ne5 27. Re1
Nc4 28. Rxe8 Rxe8 29. Rd3 f5 30. Bd4 Re1+ 31. Bg1 Bc5 32. Kh2 Bxg1+ 33. Kg3 Ne5
0-1

[Event "CYCC U12"]
[Site "Calgary CAN"]
[Date "2023.07.20"]
[Round "4.139"]
[White "Lee, Michael"]
[Black "Xu, Michael"]
[Result "1-0"]
[WhiteElo "1092"]
[BlackElo "828"]
[PlyCount "73"]
[EventDate "2023.07.19"]
[EventType "swiss"]
[EventRounds "7"]
[EventCountry "CAN"]

1. e4 c6 2. c4 d5 3. cxd5 cxd5 4. exd5 Nf6 5. d4 Nxd5 6. Nc3 Nxc3 7. bxc3 Bf5
8. Nf3 Nc6 9. Bb5 e6 10. O-O a6 11. Ba4 b5 12. Bc2 Bg6 13. Re1 Bd6 14. d5 Ne7
15. dxe6 O-O 16. exf7+ Rxf7 17. Bg5 Bxc2 18. Qxc2 Qc7 19. Rad1 Ng6 20. Qe4 Raf8
21. Qd5 Bc5 22. Be3 Be7 23. Bd4 Nh4 24. Ne5 Bd6 25. Nxf7 Rxf7 26. Re8+ Bf8 27.
Bc5 Ng6 28. h4 h5 29. Rd3 Qf4 30. Rf3 Qc7 31. g4 b4 32. gxh5 Kh7 33. hxg6+ Kxg6
34. Rxf8 Rxf8 35. Qg5+ Kh7 36. Qh5+ Kg8 37. Rxf8# 1-0

[Event "CYCC U12"]
[Site "Calgary CAN"]
[Date "2023.07.20"]
[Round "4.140"]
[White "Gupta, Dhruv"]
[Black "Li, Jake"]
[Result "1/2-1/2"]
[WhiteElo "786"]
[BlackElo "1068"]
[PlyCount "32"]
[EventDate "2023.07.19"]
[EventType "swiss"]
[EventRounds "7"]
[EventCountry "CAN"]

1. e4 c5 2. Nc3 g6 3. f4 Nc6 4. Nf3 d6 5. Bb5 Bg4 6. h3 Bxf3 7. Qxf3 a6 8.
Bxc6+ bxc6 9. e5 d5 10. d3 Bg7 11. Na4 Qa5+ 12. Nc3 d4 13. Qxc6+ Kd8 14. Qxa8+
Kc7 15. Qa7+ Kc8 16. Qa8+ Kc7 1/2-1/2

[Event "CYCC U12"]
[Site "Calgary CAN"]
[Date "2023.07.20"]
[Round "4.141"]
[White "Nguyen, Aiden"]
[Black "Li, Morgan"]
[Result "1/2-1/2"]
[WhiteElo "626"]
[BlackElo "996"]
[PlyCount "58"]
[EventDate "2023.07.19"]
[EventType "swiss"]
[EventRounds "7"]
[EventCountry "CAN"]

1. d4 Nf6 2. Nf3 d5 3. e3 e6 4. Bd3 c5 5. O-O Be7 6. b3 O-O 7. Bb2 Nc6 8. Nbd2
cxd4 9. exd4 Bd6 10. Qe2 Re8 11. Ne5 Qb6 12. Ndf3 Nd7 13. c4 Bxe5 14. dxe5 Qc7
15. Rad1 Nb6 16. cxd5 Nxd5 17. Be4 Nb6 18. Qc2 h6 19. h3 Bd7 20. g4 g6 21. g5
h5 22. Kh1 Kg7 23. Rg1 Rh8 24. Nh4 Be8 25. Qc3 Qe7 26. f4 Kh7 27. Rdf1 Rg8 28.
Qg3 Bd7 29. Qd3 Raf8 1/2-1/2

[Event "CYCC U12"]
[Site "Calgary CAN"]
[Date "2023.07.20"]
[Round "4.142"]
[White "Liu, Eric"]
[Black "Vong, Nathan"]
[Result "1-0"]
[WhiteElo "962"]
[BlackElo "722"]
[PlyCount "93"]
[EventDate "2023.07.19"]
[EventType "swiss"]
[EventRounds "7"]
[EventCountry "CAN"]

1. d4 d5 2. Bf4 Nc6 3. e3 Bf5 4. Nf3 e6 5. Bb5 Bd6 6. Bg3 Nge7 7. Nbd2 O-O 8.
c4 Bb4 9. a3 Bxd2+ 10. Qxd2 dxc4 11. Bxc4 a5 12. O-O Be4 13. Ng5 Bd5 14. Bd3
Nf5 15. Bxf5 exf5 16. Nh3 Re8 17. Nf4 Rc8 18. Rac1 Qd7 19. Nxd5 Qxd5 20. Rc5
Qe6 21. Qc2 Rcd8 22. Bxc7 Rd7 23. d5 Rxd5 24. Rxd5 Qxd5 25. Rd1 Qe4 26. Qd2 h6
27. Bxa5 Nxa5 28. Qxa5 Qc2 29. Qd2 Qa4 30. Qd7 Qe4 31. Qd5 Qc2 32. Qd2 Qe4 33.
h3 Kh7 34. Qd5 Qc2 35. Rd2 Qc1+ 36. Kh2 Qc8 37. Qxf7 Rf8 38. Qd7 Qb8+ 39. Qd6
Rd8 40. Qxb8 Rxb8 41. Rd7 Kg6 42. Kg3 Kf6 43. Kf3 g5 44. g4 fxg4+ 45. Kxg4 b5
46. Kh5 Rh8 47. Rb7 1-0